|
|
|
|
| LEADER |
01126nam a2200241 a 4500 |
| 001 |
GR-Antirio1024 |
| 008 |
140701s2005 xxu g 000 0 eng d |
| 020 |
|
|
|a 0321130006
|
| 040 |
|
|
|a GrPaTEI
|b gre
|c GR-PaULI
|
| 040 |
|
|
|a GrPaTEI
|b gre
|c GR-PaULI
|
| 082 |
|
0 |
|a 005.133
|2 22
|
| 100 |
1 |
|
|a Neward, Ted
|
| 245 |
1 |
0 |
|a Effective enterprice java /
|c Ted Neward.
|
| 260 |
|
|
|a Boston :
|b Addison-Wesley,
|c 2005
|
| 300 |
|
|
|a xix, 470 σ.
|
| 490 |
0 |
|
|a Effective software development series
|
| 504 |
|
|
|a Includes bibliograrhical references and index
|
| 650 |
|
0 |
|a Java (Computer program language)
|
| 942 |
|
|
|2 ddc
|
| 952 |
|
|
|0 0
|1 0
|2 ddc
|4 0
|6 005_133000000000000_NEW
|7 0
|9 262755
|a LISK-2
|b LISK-2
|c BSC
|d 2021-01-17
|e 24
|f 0
|g 0.00
|l 0
|o 005.133 NEW
|p 2430000007727
|r 2021-01-17 00:00:00
|t 1
|w 2021-01-17
|y BK15
|x 20140701 0 ΧΑΣΑΝΗ 1
|x GrPaTEI - Antirrio
|
| 952 |
|
|
|0 0
|1 0
|2 ddc
|4 0
|6 005_133000000000000_NEW
|7 0
|9 262756
|a LISK-2
|b LISK-2
|c BSC
|d 2021-01-17
|e 24
|f 0
|g 0.00
|l 0
|o 005.133 NEW
|p 2430000007728
|r 2021-01-17 00:00:00
|t 1
|w 2021-01-17
|y BK15
|x 20140701 0 ΧΑΣΑΝΗ 1
|x GrPaTEI - Antirrio
|
| 971 |
|
|
|a .b25708235
|b 15-04-20
|c 12-09-16
|
| 999 |
|
|
|c 151379
|d 151379
|